Sports Quiz

Random Sports or Color Quiz

⚽ Clickable Crests by City (Blue/White II) Quiz Stats

 Plays Quiz not verified by Sporcle

Support Sporcle.
Go Orange.
Score 0/24 Timer 06:00
0 Plays Today
% Correct
Poznań
(KKS Lech)
86.2%
London
(QPR)
86.2%
Karlsruhe
(SC)
84.6%
Preston
(North End)
84.6%
Pescara
(Calcio)
84.6%
Bordeaux
(Girondins)
83.1%
Petah Tikva
(Maccabi)
83.1%
Odense
(OB)
82.3%
Ghent
(KAA)
81.5%
Erzurum
(BB)
80.8%
Lausanne
(Sport)
79.2%
Doetinchem
(De Graafschap)
78.5%
% Correct
Moscow
(Dynamo)
77.7%
Dnipro
(FC)
76.9%
Zalaegerszeg
(TE)
73.8%
Stara Zagora
(Vereya)
73.1%
Magdeburg
(1. FC)
71.5%
Varaždin
(NK Varteks)
70.8%
Duisburg
(MSV)
70%
Piraeus
(Ionikos)
69.2%
Kristiansand
(IK Start)
68.5%
Constanța
(Farul)
66.9%
Rumelange
(US)
64.6%
Skopje
(Sloga Jugomagnat)
63.8%

You're not logged in!

Compare scores with friends on all Sporcle quizzes.
OR
Log In

From the Vault

'Your Song' Lyrics

by sproutcm

Who wouldn't want a song all to their own?
Remove Ads.
Support Sporcle.
Get the best of Sporcle when you Go Orange. This ad-free experience offers more features, more stats, and more fun while also helping to support Sporcle. Thank you for becoming a member.

Show Comments

Extras

Top Quizzes Today


Score Distribution

Your Account Isn't Verified!

In order to create a playlist on Sporcle, you need to verify the email address you used during registration. Go to your Sporcle Settings to finish the process.

Report this User

Report this user for behavior that violates our Community Guidelines.

Details: